|
|
|
|
| LEADER |
00000nab a2200000 a 4500 |
| 001 |
vtls000554061 |
| 003 |
SK-MaSNL |
| 005 |
20260304092315.0 |
| 008 |
250425c1995 xo 0 slo |
| 015 |
|
|
|a SNBRB19rr/mm-uuuuu
|
| 035 |
|
|
|a CL0554199
|
| 035 |
|
|
|a urn:nbn:sk:snk-abal05
|
| 035 |
|
|
|a (urnnbn)urn:nbn:sk:snk:ar-007uyu
|
| 035 |
|
|
|a (uuid)15f29d4d-b9dd-43b7-8a6d-85b856914e77
|
| 040 |
|
|
|a SNKBUCL
|b slo
|c SNKBUCL
|e AACR2
|
| 041 |
0 |
|
|a cze
|
| 044 |
|
|
|a xo
|c SK
|
| 080 |
|
|
|a 616.33-072.1
|2 1981
|
| 080 |
|
|
|a 616.342-072.1
|2 1981
|
| 245 |
0 |
0 |
|a Endoskopie orální etáže GIT na chirurgickém pracovišti - zkušenosti se 6 tisíci vyšetřeními
|c P. Piskač ... [et al.]
|
| 300 |
|
|
|b Obr. 2, tab. 4, res. angl., češ., lit. 16 zázn. v angl., češ.
|
| 650 |
0 |
7 |
|a gastroskopia
|2 snkbucl
|9 14350
|
| 650 |
0 |
7 |
|a duodenoskopia
|2 snkbucl
|9 1385922
|
| 655 |
|
7 |
|a články z novín a časopisov
|2 snkbucl
|9 267496
|
| 700 |
1 |
|
|a Piskač, Petr
|4 aut
|9 908199
|
| 700 |
1 |
|
|a Riebel, O.
|4 aut
|9 915892
|
| 700 |
1 |
|
|a Jurka, M.
|4 aut
|9 915897
|
| 700 |
1 |
|
|a Vokurka, J.
|4 aut
|9 1030978
|
| 773 |
0 |
|
|t Česká a slovenská gastroenterologie
|g Roč. 49, č. 1 (1995), s. 3-6
|
| 850 |
|
|
|a Slovenská národná knižnica
|
| 852 |
|
|
|a Slovenská národná knižnica
|
| 954 |
|
|
|a odborná, vedecká literatúra cudzojazyčná (svetová)
|2 lita
|
| 958 |
|
|
|a article14
|
| 958 |
|
|
|a OND
|
| 958 |
|
|
|a NB
|
| 958 |
|
|
|a RK
|
| 958 |
|
|
|a MI
|
| 958 |
|
|
|a EUIPO
|
| 992 |
|
|
|a RBX
|
| 999 |
|
|
|c 2818645
|d 2820575
|